|
|
|
|
| LEADER |
00000nam2a2200000 4500 |
| 001 |
199310 |
| 005 |
20231101224855.0 |
| 035 |
|
|
|a (RuTPU)RU\TPU\book\217337
|
| 090 |
|
|
|a 199310
|
| 100 |
|
|
|a 20110801d1958 k y0rusy50 ca
|
| 101 |
0 |
|
|a rus
|
| 102 |
|
|
|a RU
|
| 105 |
|
|
|a cf z 001zy
|
| 200 |
1 |
|
|a Т. 3 : Научно-популярные, исторические, критико-библиографические и другие работы по химии. Путешествия
|
| 210 |
|
|
|d 1958
|
| 215 |
|
|
|a 429 с.
|c ил.
|
| 320 |
|
|
|a Сокращения названий периодических изданий и книг: с. 399-400
|
| 320 |
|
|
|a Список иллюстраций на отдельных листах в I, II, и III томах: с. 401
|
| 320 |
|
|
|a Имен. указ.: с. 402-405
|
| 320 |
|
|
|a Предм. указ.: с. 406-427.
|
| 461 |
|
1 |
|0 (RuTPU)RU\TPU\book\134289
|t Сочинения
|o [комиссия по разработке научного наследения и изданию трудов]
|f А. М. Бутлеров
|g Академия наук СССР (АН СССР); [отв. ред. Б. А. Казанского]
|v Т. 3 : Научно-популярные, исторические, критико-библиографические и другие работы по химии. Путешествия
|d 1953
|
| 464 |
|
|
|t Библиография трудов А. М. Бутлерова
|f Г. В. Быков
|
| 600 |
|
1 |
|a Бутлеров
|b А. М.
|g Александр Михайлович
|c химик-органик
|f 1828-1886
|c академик Петербургской АН
|2 stltpush
|3 (RuTPU)RU\TPU\pers\4379
|
| 600 |
|
1 |
|a Фрицше
|b Ю. Ф.
|c русский химик-органик
|c академик Петербургской АН (1852)
|f 1808-1871
|g Юлий Федорович
|2 stltpush
|3 (RuTPU)RU\TPU\pers\28656
|9 13472
|
| 600 |
|
1 |
|a Зинин
|b Н. Н.
|c химик-органик
|f 1812-1880
|g Николай Николаевич
|2 stltpush
|3 (RuTPU)RU\TPU\pers\7135
|9 1322
|
| 600 |
|
1 |
|a Менделеев
|g Дмитрий Иванович
|b Д. И.
|c учёный-энциклопедист, химик, педагог
|f 1834-1907
|c член-корреспондент Петербургской АН
|2 stltpush
|3 (RuTPU)RU\TPU\pers\1367
|
| 606 |
1 |
|
|a Органическая химия
|x История
|2 stltpush
|3 (RuTPU)RU\TPU\subj\75461
|9 87225
|
| 610 |
1 |
|
|a химия
|
| 610 |
1 |
|
|a Академия наук
|
| 610 |
1 |
|
|a история науки
|
| 610 |
1 |
|
|a путевые записки
|
| 675 |
|
|
|a 547(09)
|v 3
|
| 801 |
|
1 |
|a RU
|b 63413507
|c 20110801
|
| 801 |
|
2 |
|a RU
|b 63413507
|c 20221017
|g RCR
|
| 942 |
|
|
|c BK
|